<?xml version="1.0" encoding="UTF-8"?>
<record
    xmlns:xsi="http://www.w3.org/2001/XMLSchema-instance"
    xsi:schemaLocation="http://www.loc.gov/MARC21/slim http://www.loc.gov/standards/marcxml/schema/MARC21slim.xsd"
    xmlns="http://www.loc.gov/MARC21/slim">

  <leader>01479nam0a2200349   4500</leader>
  <controlfield tag="001">RU\NLR\BIBL_A\011666696</controlfield>
  <controlfield tag="005">20180503111234.0</controlfield>
  <datafield tag="010" ind1=" " ind2=" ">
    <subfield code="a">978-5-9500967-1-6</subfield>
    <subfield code="9">500</subfield>
  </datafield>
  <datafield tag="021" ind1=" " ind2=" ">
    <subfield code="a">RU</subfield>
    <subfield code="b">&#x41A;&#x41D;-&#x41F;-18-013839</subfield>
    <subfield code="9">&#x41A;&#x41D;-&#x41F;-18-1000</subfield>
  </datafield>
  <datafield tag="035" ind1=" " ind2=" ">
    <subfield code="a">(NLR Aleph) 011666696</subfield>
  </datafield>
  <datafield tag="035" ind1=" " ind2=" ">
    <subfield code="a">(RuMoRGB)009555818</subfield>
  </datafield>
  <datafield tag="090" ind1=" " ind2=" ">
    <subfield code="a">11213080</subfield>
    <subfield code="c">11213080</subfield>
  </datafield>
  <datafield tag="100" ind1=" " ind2=" ">
    <subfield code="a">20180329d2018    u  y0rusy50      ca</subfield>
  </datafield>
  <datafield tag="101" ind1="0" ind2=" ">
    <subfield code="a">rus</subfield>
  </datafield>
  <datafield tag="102" ind1=" " ind2=" ">
    <subfield code="a">RU</subfield>
  </datafield>
  <datafield tag="105" ind1=" " ind2=" ">
    <subfield code="a">ac||w|||000zy</subfield>
  </datafield>
  <datafield tag="200" ind1="1" ind2=" ">
    <subfield code="a">&#x41F;&#x43E;&#x43A;&#x430;&#x44F;&#x43D;&#x438;&#x44F; &#x43E;&#x442;&#x432;&#x435;&#x440;&#x437;&#x438; &#x43C;&#x43D;&#x435; &#x434;&#x432;&#x435;&#x440;&#x438;, &#x416;&#x438;&#x437;&#x43D;&#x43E;&#x434;&#x430;&#x432;&#x447;&#x435;</subfield>
    <subfield code="e">&#x43F;&#x43E;&#x443;&#x447;&#x435;&#x43D;&#x438;&#x44F; &#x43D;&#x430; &#x412;&#x435;&#x43B;&#x438;&#x43A;&#x438;&#x439; &#x43F;&#x43E;&#x441;&#x442;. &#x41E; &#x43F;&#x43E;&#x43A;&#x430;&#x44F;&#x43D;&#x438;&#x438;</subfield>
    <subfield code="f">&#x430;&#x440;&#x445;&#x438;&#x435;&#x43F;&#x438;&#x441;&#x43A;&#x43E;&#x43F; &#x410;&#x432;&#x435;&#x440;&#x43A;&#x438;&#x439; (&#x422;&#x430;&#x443;&#x448;&#x435;&#x432;)</subfield>
  </datafield>
  <datafield tag="210" ind1=" " ind2=" ">
    <subfield code="a">&#x421;&#x435;&#x432;&#x430;&#x441;&#x442;&#x43E;&#x43F;&#x43E;&#x43B;&#x44C;</subfield>
    <subfield code="a">&#x41C;&#x43E;&#x441;&#x43A;&#x432;&#x430;</subfield>
    <subfield code="c">&#x426;&#x435;&#x440;&#x43A;&#x43E;&#x432;&#x43D;&#x43E;-&#x438;&#x441;&#x442;&#x43E;&#x440;&#x438;&#x447;&#x435;&#x441;&#x43A;&#x43E;&#x435; &#x43E;&#x431;&#x449;&#x435;&#x441;&#x442;&#x432;&#x43E;</subfield>
    <subfield code="d">2018</subfield>
  </datafield>
  <datafield tag="215" ind1=" " ind2=" ">
    <subfield code="a">569, [1] &#x441;.</subfield>
    <subfield code="c">&#x438;&#x43B;., &#x43F;&#x43E;&#x440;&#x442;&#x440;.</subfield>
    <subfield code="d">17</subfield>
  </datafield>
  <datafield tag="333" ind1=" " ind2=" ">
    <subfield code="a">12+</subfield>
  </datafield>
  <datafield tag="606" ind1="1" ind2=" ">
    <subfield code="a">&#x41F;&#x43E;&#x43A;&#x430;&#x44F;&#x43D;&#x438;&#x435;</subfield>
    <subfield code="2">nlr_sh1</subfield>
    <subfield code="2">nlr_sh2</subfield>
    <subfield code="3">RU\NLR\AUTH\661061974</subfield>
  </datafield>
  <datafield tag="606" ind1="1" ind2=" ">
    <subfield code="a">"&#x412;&#x435;&#x43B;&#x438;&#x43A;&#x438;&#x439; &#x43F;&#x43E;&#x441;&#x442;"</subfield>
    <subfield code="2">nlr_sh1</subfield>
    <subfield code="2">nlr_sh2</subfield>
    <subfield code="3">RU\NLR\AUTH\66188302</subfield>
  </datafield>
  <datafield tag="686" ind1="2" ind2=" ">
    <subfield code="a">&#x42D;372.24-53</subfield>
  </datafield>
  <datafield tag="686" ind1="2" ind2=" ">
    <subfield code="a">&#x42D;372.24-503.263</subfield>
  </datafield>
  <datafield tag="700" ind1=" " ind2="0">
    <subfield code="a">&#x410;&#x432;&#x435;&#x440;&#x43A;&#x438;&#x439;</subfield>
    <subfield code="c">&#x422;&#x430;&#x443;&#x448;&#x435;&#x432;, &#x410;&#x43B;&#x435;&#x43A;&#x441;&#x430;&#x43D;&#x434;&#x440; &#x41F;&#x430;&#x432;&#x43B;&#x43E;&#x432;&#x438;&#x447;</subfield>
    <subfield code="c">&#x430;&#x440;&#x445;&#x438;&#x435;&#x43F;&#x438;&#x441;&#x43A;&#x43E;&#x43F; &#x421;&#x438;&#x440;&#x430;&#x43A;&#x443;&#x437;&#x441;&#x43A;&#x438;&#x439; &#x438; &#x422;&#x440;&#x43E;&#x438;&#x446;&#x43A;&#x438;&#x439;</subfield>
    <subfield code="f">1906-1976</subfield>
    <subfield code="3">RU\NLR\AUTH\778914</subfield>
  </datafield>
  <datafield tag="942" ind1=" " ind2=" ">
    <subfield code="c">BOOK</subfield>
  </datafield>
  <datafield tag="980" ind1=" " ind2=" ">
    <subfield code="a">NBR</subfield>
  </datafield>
  <datafield tag="980" ind1=" " ind2=" ">
    <subfield code="a">NB</subfield>
  </datafield>
</record>
